00295nam a2200097 a 450008200170000010000150001724500870003226000460011930000080016565000240017300a297.0954 PET aPeter, R N aImages of Indian Muslims Reflected in the Writings of M.Mujeeb: Acritical Analysis aHyderabad bHenry Martyn Institute c1999 a115 aIslam-History-India